Falošné Hradčany

Bibliographic Details
Other Authors: Šablatúra, Svätopluk, 1929-2016 (Photographer, Illustrator)
Format: Book
Language:Slovak
PhysicalDescription:127 s. fotogr., ilustr. 21 cm
Published: Bratislava Album 1996
ISBN:(brož.)
Edition:[1. vyd.]
Subjects:

MARC

LEADER 00000nam a2200000 a 4500
001 vtls008872747
003 SK-MaSNL
005 20260331204809.0
008 061103s1996 xo oa f c 000 0 slo
020 |a (brož.) 
040 |a SNK  |b slo  |c SNK  |e AACR2 
041 0 |a slo 
043 |a e-cs---  |a e-xr---  |a e-xo--- 
044 |a xo  |c SK 
072 7 |a 656.8  |x Poštové služby a správa  |2 konspekt 
080 |a 656.835.11  |2 2001 
080 |a 002.1-021.58  |2 2001 
080 |a (437)  |2 2001 
080 |a (437.3)  |2 2001 
080 |a (437.6)  |2 2001 
080 |a (083.81)  |2 2001 
100 1 |a Šablatúra, Svätopluk,  |d 1929-2016  |4 pht  |4 ill  |9 162363 
245 1 0 |a Falošné Hradčany  |c Svätopluk Šablatúra 
250 |a [1. vyd.] 
260 |a Bratislava  |b Album  |c 1996 
300 |a 127 s.  |b fotogr., ilustr.  |c 21 cm 
504 |a Bibliografia s. 127 
650 0 7 |a poštové známky  |2 SNKPH  |9 51141 
650 0 7 |a falzifikáty  |2 SNKPH  |9 41056 
651 7 |a Československo  |2 SNKPH  |9 21376 
651 7 |a Slovensko  |2 SNKPH  |9 14231 
651 7 |a Česko  |2 SNKPH  |9 16753 
655 7 |a katalógy  |2 SNKPH  |9 60821 
958 |a OND 
999 |c 653102  |d 655032 
952 |a SNK  |b SNK  |y PREZ  |7 0  |p 17A0528237  |o snkSC 125498  |i snk2006/22613  |8 3  |g 5.48  |0 0  |1 0  |4 0  |d 2006-11-03  |l 0  |r 2025-06-11 00:00:00  |w 2026-02-23